| 000 | 00820nam a2200289 4500 | ||
|---|---|---|---|
| 003 | IIN | ||
| 005 | 20250604124207.0 | ||
| 008 | 250604s2025 |||adc|| |||| 001 0 eng d | ||
| 020 |
_a9780323883009 _c6820.00 |
||
| 020 | _a9780323883085 | ||
| 040 |
_aIIN _bENG |
||
| 082 |
_a610.7362 _bKLI |
||
| 100 | 1 | _aKliegman, Robert M. | |
| 245 | 1 |
_aNelson Textbook of Pediatrics (Vol.2)/ _cRobert M. Kliegman...[et al] |
|
| 250 | _a22nd ed | ||
| 260 |
_aPhiladelphia _bElsevier _c2025 |
||
| 300 |
_alxxviii, 2223-4472 [I-132]p. / Vol.2 _bcol. ill. |
||
| 500 | _aIncludes Index | ||
| 650 | 1 |
_aPediatric _vNursing |
|
| 700 | _aGeme III, Joseph W. St. | ||
| 700 | _aBlum, Nathan J. | ||
| 700 | _aTasker, Robert C. | ||
| 700 | _aWilson, Karen M. | ||
| 700 | _aSchuh, Abigail M. | ||
| 700 | _aMack, Cara L. | ||
| 942 | _cBOOK | ||
| 999 |
_c1860 _d1860 |
||